000
00203nam a22000857a 4500
999
_c
11305
_d
11305
008
190207b ||||| |||| 00| 0 eng d
100
_a
Randhawa,K.S.
_9
7047
245
_a
Social Studies-X
260
_a
New Delhi